000 00299nam a22001337a 4500
008 170412b xxu||||| |||| 00| 0 eng d
020 _a083859636
041 _aeng
080 _220 ED
_a618
100 _a10
101 _aSHM
245 _aWILLIAMS OBSTETRICS
_cCUNNINGHAM.R.G
942 _2udc
_cBK
999 _c10530
_d10530